[Event "Reykjavik Chess Club-ch 2018"]
[Site "Reykjavik"]
[Date "2018.09.16"]
[Round "3"]
[White "Mai, Aron Thor"]
[Black "Jonsson, Gauti Pall"]
[Result "0-1"]
[WhiteElo "2062"]
[BlackElo "2100"]
[Annotator "NA"]
[PlyCount "124"]
[EventDate "2018.09.11"]
[EventCountry "ISL"]
[SourceTitle "playchess.com"]
[Source "ChessBase"]
[SourceQuality "1"]

{[%evp 18,111,10,-28,-19,-41,14,32767,32767,32767,32767,4,21,32767,32767,33,45,27,55,15,39,0,22,15,33,38,18,-12,0,32767,0,-81,-68,-112,-63,-125,-29,-114,-99,-93,10,11,32767,32767,44,-65,32767,32767,32767,32767,32767,32767,0,32767,32767,-21,32767,32767,32767,32767,32767,32767,32767,32767,32767,32767,32767,32767,32767,-9,-12,-8,-12,-22,-28,-43,-20,-16,-27,-181,0,-83,32767,32767,32767,32767,32767,-149,-222,-235,-266,-406,-317,-232,-226,-438]} 1. e4 c5 2. Nf3 g6 3. g3 Bg7 4. Bg2 Nc6 5. O-O e5 6. d3 Nge7 7. Nc3 O-O 8. Nd2 d6 9. Nc4 Be6 10. Ne3 {B25: Closed Sicilian: 3 g3, lines without early Be3} (10. Nd5 Kh8 11. c3 Qd7 12. a4 f5 13. a5 Bg8 14. Nxe7 Nxe7 15. Qa4 Rad8 16. Bg5 Bf6 17. Bxf6+ Rxf6 18. exf5 gxf5 {1-0 (56) Grischuk,A (2767)-Gelfand,B (2695) Moscow 2018}) 10... f5 11. Ned5 Bxd5 $146 ({Predecessor:} 11... Qd7 12. Be3 Rac8 13. Qd2 Nd4 14. f4 Nxd5 15. exd5 Bf7 16. Rae1 b5 17. Nd1 b4 {0-1 (46) Kutnik,A (2193)-Navrotescu,C (2443) Eforie Nord 1999}) 12. Nxd5 Nxd5 13. exd5 Ne7 14. f4 Rb8 15. a4 b6 16. c3 a6 17. Be3 Qc7 18. Ra2 h6 19. Qd2 Kh7 20. b4 cxb4 21. cxb4 Rfc8 22. Rf2 Qd7 23. h3 exf4 24. gxf4 (24. Rxf4 $11 {remains equal.} b5 25. Rh4) 24... Bc3 25. Qe2 Re8 26. d4 Qb7 ({Lieber} 26... Ng8 $17 27. Qd3 Bxb4) 27. Qc4 ({Besser ist} 27. b5 $15 a5 28. Qd3) 27... Rbc8 28. Qb3 {[#]} Be1 (28... Ng8 $1 $17 29. Rfe2 Qg7) 29. Rfe2 Bh4 30. Bd2 Bf6 31. Bc3 (31. Re6 $14 Bxd4+ 32. Kh2) 31... Qc7 32. Rac2 Qc4 33. Qxc4 Rxc4 34. Be1 Rec8 ({Stronger than} 34... Rxd4 35. Re6 $16) (34... Rxc2 $17 35. Rxc2 {[#]} Nxd5 $1 {[%mdl 512]} 36. Bxd5 Rxe1+ 37. Kf2 Rb1 38. Rc7+ Bg7) 35. Rxc4 Rxc4 36. Bf2 Kg7 37. Re6 Rxb4 38. Rxd6 Kf7 39. Rxf6+ Kxf6 40. d6 Ke6 41. dxe7 Kxe7 42. Bc6 Kd6 43. d5 b5 ({Not} 43... Rxf4 $2 44. Bg3 $18) 44. axb5 axb5 45. Ba7 Rb1+ 46. Kf2 b4 $2 47. Bb8+ $11 Kc5 48. Ba7+ $2 {[#]} (48. Be8 $1 $11) (48. Ke2) 48... Kd6 (48... Kc4 $1 $19 49. d6 Rd1) 49. Ke2 b3 50. Kd2 Rh1 51. Kc3 Rxh3+ 52. Kb2 Rd3 53. Bb8+ Kc5 54. Bb7 $19 (54. Be8 $142 g5 55. fxg5 hxg5 56. d6) 54... g5 55. fxg5 hxg5 56. Be5 Rxd5 57. Bxd5 Kxd5 58. Bh2 Kc4 59. Bc7 f4 60. Bb8 f3 61. Bg3 Kd3 62. Kxb3 Ke2 0-1

[Event "Reykjavik Chess Club-ch 2018"]
[Site "Reykjavik"]
[Date "2018.09.16"]
[Round "3"]
[White "Bjornsson, Eirikur K."]
[Black "Andrason, Pall"]
[Result "1-0"]
[WhiteElo "1958"]
[BlackElo "1843"]
[Annotator "NA"]
[PlyCount "88"]
[EventDate "2018.09.11"]
[EventCountry "ISL"]
[SourceTitle "playchess.com"]
[Source "ChessBase"]
[SourceQuality "1"]

1. c4 Nf6 2. Nc3 g6 3. e4 d6 4. d4 Bg7 5. f4 O-O 6. Nf3 c6 7. Be2 Ne8 {E76: King's Indian: Four Pawns Attack: Lines specific to 6 Nf3 move-order} (7... a6 8. O-O b5 9. e5 Ne8 10. c5 Nc7 11. cxd6 exd6 12. Ne4 Ne8 13. Be3 Qe7 14. Bf2 Be6 15. Nfg5 Nd7 16. Nxe6 fxe6 {½-½ (49) Christiansen,L (2588)-Shabalov,A (2569) Saint Louis 2009}) 8. O-O e5 $146 ({Predecessor:} 8... e6 9. e5 d5 10. b3 Nc7 11. Ba3 Re8 12. Bd6 Bf8 13. c5 b5 14. b4 a5 15. a3 {1-0 (52) Smirnov,N (2119)-Arbuzov,I (1802) Kostroma 2008}) 9. dxe5 Qb6+ 10. Kh1 dxe5 11. Nxe5 Bxe5 12. fxe5 Nd7 13. e6 fxe6 14. Rxf8+ Nxf8 15. e5 Qc7 16. Bf4 b6 17. Qd3 Bb7 18. c5 Rd8 19. Qf3 Qf7 20. Rf1 bxc5 21. Qe3 Qc7 22. Qxc5 Ng7 23. Bg5 Re8 24. Ne4 Nd7 25. Nf6+ Nxf6 26. exf6 Nf5 27. g4 Nd6 {[#]} 28. Qxd6 $18 Qxd6 29. f7+ Kf8 30. Bh6+ Ke7 31. f8=Q+ Kd7 32. Rf7+ Re7 33. Qxe7+ Qxe7 34. Rxe7+ Kxe7 35. Be3 a6 36. Kg2 Kd6 37. Kg3 Ke5 38. Bd3 Kf6 39. Bb6 Bc8 40. h4 e5 41. Bd8+ Ke6 42. h5 gxh5 43. Bf5+ Kd5 44. Bxc8 hxg4 1-0

[Event "Reykjavik Chess Club-ch 2018"]
[Site "Reykjavik"]
[Date "2018.09.16"]
[Round "3"]
[White "Finnsson, Johann Arnar"]
[Black "Heidarsson, Arnar"]
[Result "0-1"]
[WhiteElo "1711"]
[BlackElo "1737"]
[Annotator "NA RC"]
[PlyCount "94"]
[EventDate "2018.09.11"]
[EventCountry "ISL"]
[SourceTitle "playchess.com"]
[Source "ChessBase"]
[SourceQuality "1"]

1. c4 e5 2. Nc3 Nc6 3. g3 g6 4. Bg2 d6 5. d3 Bg7 6. e3 Nge7 7. Nge2 Be6 8. O-O O-O 9. Rb1 d5 10. b3 a5 11. Bb2 f5 12. d4 e4 13. Nf4 Bf7 14. Nfxd5 Nxd5 15. Nxd5 Bxd5 16. cxd5 Qxd5 17. a3 Rac8 18. Qc2 Ne7 19. Rfc1 c6 20. Bf1 Kh8 21. a4 Rc7 22. Ba3 Rfc8 23. Bc5 Qe6 24. Bb6 Rd7 25. Bxa5 g5 26. Bc4 Qg6 27. Bd2 Rf8 28. Bb4 f4 29. Bxe7 Rxe7 30. b4 fxe3 31. fxe3 g4 32. Rf1 Rf3 33. Rxf3 gxf3 34. b5 Bh6 35. Qc3 cxb5 36. Bxb5 Qg5 37. Kf2 Qh5 38. Qc8+ Kg7 39. h3 Bxe3+ 40. Kf1 Bxd4 41. Bc4 Qe8 42. Qf5 Kh8 43. Rd1 Bg7 44. Qd5 e3 45. Rd3 e2+ 46. Ke1 f2+ 47. Kxf2 e1=Q+ 0-1

[Event "Reykjavik Chess Club-ch 2018"]
[Site "Reykjavik"]
[Date "2018.09.19"]
[Round "4"]
[White "Stefansson, Vignir Vatnar"]
[Black "Mai, Aron Thor"]
[Result "1-0"]
[WhiteElo "2270"]
[BlackElo "2062"]
[Annotator "TA"]
[PlyCount "121"]
[EventDate "2018.09.11"]
[EventCountry "ISL"]
[SourceTitle "playchess.com"]
[Source "ChessBase"]
[SourceQuality "1"]

{[%evp 17,121,7,10,11,0,6,11,11,17,14,33,11,11,3,5,14,10,18,30,15,47,4,8,0,0,2,68,0,0,0,0,-53,23,0,1,-102,-88,-70,0,-29,54,0,0,0,76,74,79,73,118,106,163,151,148,0,0,0,0,0,0,-10,-12,-11,8,8,8,8,8,8,8,9,6,10,74,74,72,75,153,143,153,195,250,114,306,314,422,115,116,109,107,98,302,287,257,263,555,509,29968,29967,29979,29980,29984,29985,29981,29982,29988,29989]} 1. d4 Nf6 2. Bg5 g6 3. Bxf6 exf6 4. e3 d5 5. c4 dxc4 6. Bxc4 Bd6 {D00: Damenbauernspiele} 7. Nf3 (7. Nc3 Nd7 8. Bb3 Nb6 9. Nf3 Qe7 10. O-O O-O 11. h3 Be6 12. e4 Rad8 13. Qc1 Rfe8 14. Re1 {0-1 (50) Rapport,R (2717)-Yu,Y (2729) Danzhou 2016}) 7... O-O 8. O-O c6 9. Nc3 Nd7 {LiveBook: 3 Partien} 10. e4 Nb6 11. Bb3 Bc7 12. h3 Qe7 13. Re1 Be6 $146 ({Vorgänger:} 13... Kg7 14. Qe2 {½-½ (61) Ponomarev,A (2281)-Rogers,B (1876) ICCF email 2014}) 14. Rc1 Bf4 15. Rb1 Rad8 16. Qc2 Bc8 17. Rbd1 Kg7 18. a3 h5 19. Ba2 Rfe8 20. b4 a6 21. Qb2 Nd7 (21... Be6 $11) 22. g3 (22. e5 $1 $14) 22... Bb8 $11 23. Kg2 Nf8 24. Na4 (24. Qc1 $11) 24... Qd7 (24... g5 $1 $15) 25. Ng1 Qc7 26. Nc5 (26. h4 $11) 26... b6 27. Nd3 {[#]} Ne6 (27... h4 $1 $15 {[%mdl 512]} 28. Nf4 (28. gxh4 Qh2+) 28... hxg3 29. fxg3 Qe7) 28. Nf3 {[#]} (28. e5 $5 {[%cal Re5f6]}) 28... Kg8 ({Lieber} 28... h4 $1 $11 {[%mdl 512]} 29. Bxe6 (29. Nxh4 Nxd4) 29... Bxe6) 29. d5 (29. Qc3 $14) 29... cxd5 30. Bxd5 Ng5 (30... Kg7 $11 {bleibt in der Remisbreite.}) 31. Nxg5 $16 ({Natürlich nicht} 31. Qxf6 Bxh3+ 32. Kh1 Nxf3 $11) 31... fxg5 32. Qf6 Rd6 33. Qxg5 {Und weiter mit Sf4 wäre nett.} Qd7 (33... Qc3 $16 {war einen Versuch wert.} 34. Re3 Qd4) 34. Nf4 Kh7 35. e5 (35. h4 $16) 35... Rxd5 $1 $11 36. Rxd5 Bb7 37. e6 Rxe6 $1 38. f3 Bxd5 39. Nxd5 Qd6 40. Rxe6 Qxe6 41. Nf6+ Kg7 $132 {[%mdl 2048] Schwarz puts up resistance} 42. Nxh5+ $1 Kh7 43. Nf6+ Kg7 44. Ne4 Qa2+ (44... Be5 $11 {hält das Gleichgewicht.}) 45. Qd2 $16 Qxd2+ 46. Nxd2 {[%mdl 4096] Endspiel KL-KS} b5 ({Günstiger ist} 46... Be5) 47. f4 Ba7 48. Nb3 Bb6 (48... Kh6 $142 49. Kf3 Kh5) 49. g4 (49. Kf3 $1 $18 {und der Rest ist Schweigen.}) 49... Kf6 $2 (49... Kg8 $16 50. f5 gxf5) 50. Kf3 $1 $18 Ke6 51. Ke4 $2 (51. Nc5+ $18 Kd5 52. Nxa6) 51... f5+ $16 52. gxf5+ gxf5+ {[#]} 53. Kd3 $1 Kd5 $2 (53... Bc7 $16) 54. h4 $18 {[%cal Bh3h4,Bh4h5,Bh5h6,Bh6h7][%mdl 32]} Bc7 55. Ke3 Kc4 $2 (55... Bd6 56. Nd4 Be7) 56. Nc5 {Droht h5 und aus.} a5 {[#]} (56... Bd8 $18 57. h5 (57. Nxa6 Bxh4 58. Nc7 Bd8 $11) 57... Bf6) 57. h5 $1 {Weiß setzt Matt.} axb4 58. axb4 Bd8 59. Nd7 Be7 60. h6 Bxb4 61. h7 {Precision: Weiß = 47%, Schwarz = 28%.} 1-0

[Event "Reykjavik Chess Club-ch 2018"]
[Site "Reykjavik"]
[Date "2018.09.19"]
[Round "4"]
[White "Ragnarsson, Dagur"]
[Black "Olafsson, Thorvardur"]
[Result "1-0"]
[WhiteElo "2249"]
[BlackElo "2192"]
[Annotator "TA"]
[PlyCount "93"]
[EventDate "2018.09.11"]
[EventCountry "ISL"]
[SourceTitle "playchess.com"]
[Source "ChessBase"]
[SourceQuality "1"]

{[%evp 12,93,77,77,79,79,79,75,77,74,75,73,85,50,75,50,43,43,66,63,61,60,68,55,56,59,76,66,66,66,65,66,68,77,123,123,126,121,140,145,160,127,137,120,133,85,174,116,160,166,250,249,351,351,351,345,342,343,318,321,426,426,426,425,492,393,438,375,364,0,438,422,478,463,810,793,2851,4729,2158,1693,2688,1988,6291,6099]} 1. d4 Nf6 2. Nf3 e6 3. c4 b6 4. a3 Bb7 5. Nc3 d6 6. d5 e5 {E12: Queen's Indian: Unusual White 4th moves, 4 a3, 4 Nc3 Bb7 5 a3 and 4 Nc3 Bb7} 7. e4 {LiveBook: 12 Games} Nbd7 8. b4 a5 {aiming for ...axb4.White is better.} 9. Rb1 Be7 10. Bd3 O-O 11. O-O Nh5 12. Nd2 $146 ({Predecessor:} 12. Re1 Nf4 13. Bf1 axb4 14. axb4 g6 15. Be3 Nh5 16. Nd2 Bg5 {1-0 (71) Magai,V (2537)-Lodhi,M (2410) Kolkata 2001}) 12... g6 13. Nb3 axb4 14. axb4 Bg5 15. g3 Bxc1 16. Rxc1 Ndf6 17. Qe2 Qd7 18. f3 Ra3 19. Qb2 Rfa8 20. Ra1 Rxa1 21. Rxa1 Rxa1+ 22. Qxa1 Qd8 23. c5 bxc5 24. bxc5 Qb8 {and if ...Bxd5 works, Black does fine.} 25. Nb5 $1 Bc8 26. Qa7 Qxa7 27. Nxa7 Bh3 28. c6 Ng7 (28... Ne8 $16) 29. Kf2 (29. Nc1 $1 $18) 29... h5 {[#]} 30. Nc1 $1 Nfe8 (30... Nh7 $142 31. Ba6 Ng5) 31. Ne2 $18 f5 {[#]} (31... g5 $142 32. Ng1 g4 33. Nxh3 gxh3) 32. Ng1 $1 fxe4 33. fxe4 Bg4 34. Ke1 Kf8 35. h3 Be6 36. dxe6 Nxe6 37. Nf3 Ke7 38. Kd2 Nf6 39. Nb5 Nd8 40. Na7 Ne6 41. Ke3 {White is clearly winning.} Nc5 42. Nb5 d5 (42... Ne6 $142 43. Bc4 Ne8 44. Bxe6 Kxe6) 43. Nxe5 Nxd3 44. Kxd3 dxe4+ 45. Kd4 e3 46. Nxg6+ Kf7 47. Ne5+ {Precision: White = 74%, Black = 44%.} 1-0

[Event "Reykjavik Chess Club-ch 2018"]
[Site "Reykjavik"]
[Date "2018.09.19"]
[Round "4"]
[White "Jonsson, Gauti Pall"]
[Black "Thorfinnsson, Bjorn"]
[Result "0-1"]
[WhiteElo "2100"]
[BlackElo "2408"]
[Annotator "TA"]
[PlyCount "58"]
[EventDate "2018.09.11"]
[EventCountry "ISL"]
[SourceTitle "playchess.com"]
[Source "ChessBase"]
[SourceQuality "1"]

{[%evp 12,58,29,0,31,23,46,0,0,-2,-2,-114,-117,-140,-110,-183,-167,-259,-185,-220,-214,-237,-239,-244,-226,-248,-211,-224,-237,-195,-201,-252,-175,-188,-192,-265,-195,-275,-270,-571,-336,-408,-398,-597,-591,-1753,-1729,-5481,-5393]} 1. e4 e5 2. Nf3 Nc6 3. d4 exd4 4. Nxd4 Bc5 5. Be3 Qf6 6. c3 Nge7 7. Bb5 b6 {C45: Scotch Game} (7... Bb6 8. O-O O-O 9. a4 Qg6 10. Bd3 Ne5 11. Bc2 d6 12. f3 Nc4 13. Bc1 f5 14. Qe2 Na5 15. Be3 {½-½ (50) Matlakov,M (2738)-Fedoseev,V (2718) Moscow 2017}) 8. O-O Bb7 9. Qe2 $146 ({Predecessor:} 9. Nc2 O-O-O 10. Bxc5 bxc5 11. Ne3 Qg6 12. f3 Ne5 13. Qe2 d5 14. exd5 Nxd5 15. Nxd5 Rxd5 {1-0 (33) Jovanovic,M (1868)-Celik,E (1864) Stari Banovci 2018}) 9... O-O-O {[%cal Rc6d4] The position is equal.} 10. Rd1 Qe5 11. f4 (11. b4 $11 Bd6 12. Nf3 Qxe4 13. Nbd2) 11... Qxe4 $17 12. Bd3 Qd5 {[%cal Rc6d4]} 13. Bc4 {[#]} (13. Qf2 $17 {keeps fighting.}) 13... Qd6 $1 $19 14. Ba6 (14. Qd2 $142) 14... Bxd4 15. Bxd4 Qxf4 16. Bxg7 Rhg8 17. Rf1 Qd6 18. Bd4 Nxd4 19. cxd4 Qxd4+ 20. Kh1 Bxa6 21. Qxa6+ Kb8 {...Rxg2! is the strong threat.} 22. Nc3 Qd2 {[%csl Gg8][%cal Rd2g2]} 23. g3 (23. Qe2 $142 Qxe2 24. Nxe2) 23... Nc6 24. Rac1 (24. Rad1 {might work better.} Qxb2 25. Ne4) 24... Rde8 {[%cal Bd8e8,Be8e5,Be5h5][%mdl 32]} 25. a4 $2 (25. Qa4 {is more resistant.}) 25... Re5 {And now ...Rxg3! would win.} 26. Rfd1 Qxb2 27. Qf1 {[#]} (27. Qd3 {is the only way for White.}) 27... Rxg3 $1 {[%mdl 512] Black is clearly winning.} 28. Rb1 (28. hxg3 Rh5+) 28... Qxc3 29. hxg3 Rh5+ {Precision: White = 24%, Black = 56%.} 0-1

[Event "Reykjavik Chess Club-ch 2018"]
[Site "Reykjavik"]
[Date "2018.09.19"]
[Round "4"]
[White "Mai, Alexander Oliver"]
[Black "Viktorsson, Svavar"]
[Result "1-0"]
[WhiteElo "1940"]
[BlackElo "1747"]
[Annotator "NA"]
[PlyCount "81"]
[EventDate "2018.09.11"]
[EventCountry "ISL"]
[SourceTitle "playchess.com"]
[Source "ChessBase"]
[SourceQuality "1"]

{[%evp 8,81,37,29,61,50,31,28,34,22,28,23,40,48,44,28,54,48,64,49,60,55,60,61,63,18,71,62,85,77,79,58,55,50,63,59,62,64,131,83,105,87,117,118,126,143,142,154,156,133,199,32767,32767,32767,32767,32767,32767,32767,32767,639,615,612,641,584,672,666,995,642,625,550,637,606,686,808,991,1097]} 1. e4 e5 2. Nf3 Nc6 3. Nc3 Nf6 4. Bb5 d6 5. O-O Be7 6. d4 exd4 7. Nxd4 Bd7 8. Bxc6 bxc6 9. Qf3 c5 10. Nf5 Bxf5 11. Qxf5 {LiveBook: 6 Games} Qd7 {C66: Ruy Lopez: Steinitz Defence} 12. Qf3 Qg4 (12... O-O 13. Bg5 Rae8 14. Rae1 Bd8 15. h3 Qc6 16. Nd5 Nxd5 17. exd5 Qa6 18. Bxd8 {½-½ (18) Joachim,S (2405)-Dauth,B (2318) Germany 2017}) 13. Qxg4 Nxg4 14. f3 $146 ({Predecessor:} 14. h3 Ne5 15. f4 Nc6 16. Nd5 Bd8 17. Bd2 Ne7 18. Ne3 O-O 19. f5 {½-½ (71) Skold,K-Lopez Garcia Riano,M Berg en Dal 1960}) 14... Nf6 15. Bf4 Nh5 16. Be3 Nf6 17. Rad1 Rb8 18. b3 O-O 19. Rd3 Rfe8 20. Rfd1 h6 21. Kf2 Bf8 22. g4 g5 (22... Rb7 $14) 23. Rh1 Bg7 24. Ne2 Re6 25. h4 gxh4 26. Rxh4 Rbe8 27. Nf4 Re5 28. c4 Rd8 $18 (28... a5 $16 29. Ne2 a4) 29. Ng2 Re6 30. Bxc5 dxc5 31. Rxd8+ Ne8 32. Rh1 Bd4+ 33. Ke2 Kf8 34. Rb8 Ra6 35. a4 Ke7 36. Nf4 Be5 37. Nd3 Bd4 38. Rh5 Rc6 39. Nf4 Kd7 40. Rd5+ Nd6 41. e5 1-0

[Event "Reykjavik Chess Club-ch 2018"]
[Site "Reykjavik"]
[Date "2018.09.21"]
[Round "5"]
[White "Ornolfsson, Magnus P"]
[Black "Ragnarsson, Dagur"]
[Result "1/2-1/2"]
[WhiteElo "2227"]
[BlackElo "2249"]
[Annotator "TA"]
[PlyCount "102"]
[EventDate "2018.09.11"]
[EventCountry "ISL"]
[SourceTitle "playchess.com"]
[Source "ChessBase"]
[SourceQuality "1"]

{[%evp 20,102,28,0,30,30,30,30,68,0,0,0,28,13,8,9,34,22,31,0,33,23,20,0,9,0,181,181,185,103,379,378,460,474,475,456,427,262,273,264,633,298,332,318,783,783,775,769,755,735,5410,5306,2199,2017,1047,474,462,453,444,426,465,461,524,495,568,562,572,562,662,668,668,664,1134,889,1022,800,1063,576,998,779,29985,29986,29986,0,0]} 1. e4 e6 2. d4 d5 3. Nd2 c5 4. Ngf3 cxd4 5. exd5 Qxd5 6. Bc4 Qd7 {C07: French Tarrasch: 3...c5, 4 Ngf3 and 4 exd5 Qxd5} (6... Qd6 7. O-O Nf6 8. Nb3 Nc6 9. Nbxd4 Nxd4 10. Nxd4 a6 11. Re1 Qc7 12. Qe2 Bc5 13. c3 O-O 14. Bg5 b5 15. Bd3 Nd5 16. Qh5 g6 17. Qh4 Bb7 18. a4 bxa4 19. Rxa4 Rfe8 20. Nf3 {1-0 (29) Wei,Y (2729)-So,W (2780) chess.com INT 2018}) 7. O-O Nc6 8. Nb3 Nf6 9. Nbxd4 Nxd4 10. Nxd4 a6 11. c3 {LiveBook: 15 Games} Bc5 (11... Qc7 {seems wilder.} 12. Bd3 Bd6 13. g3 h6 14. Qf3 Be5) 12. Bg5 Bxd4 13. cxd4 b5 14. Be2 $146 (14. Bxf6 $1 $14 gxf6 15. Bb3 (15. Qf3 $2 Bb7 $19)) ({Predecessor:} 14. Bxf6 gxf6 {½-½ (29) Horvath,A (2498)-Haba,P (2476) Austria 2016}) 14... Nd5 $11 15. a4 b4 16. Qd3 O-O 17. Qg3 Bb7 18. Rfe1 Rac8 19. Bd3 {Threatening Bh6.} Kh8 (19... f6 $5 {[%cal Rf6g5]} 20. Bd2 a5 $11) 20. Qh4 $40 {[%csl Gd3][%cal Rh4h7][%mdl 128] Black needs to defend precisely.} f5 21. Re5 Nf6 22. Rae1 Ng4 $2 (22... Ne4 $1 $11 {and Black is okay.}) 23. Rxe6 $18 {h3 is the strong threat.} Qxd4 {[#]} 24. Bb1 (24. Bxa6 Bxa6 25. Rxa6 Rfe8 $15) ({White should play} 24. Bf1 $1 $18) 24... h6 $2 {[%mdl 8192]} (24... Bd5 $16 25. Re7 h6) 25. h3 (25. Bxh6 Qxf2+ 26. Qxf2 Nxf2 $18) 25... Bd5 26. R6e2 Kg8 {[#]} 27. Be7 $1 ({Weaker is} 27. hxg4 hxg5 28. Qxg5 Qxg4 $16) ({Less strong is} 27. Be3 Qf6 $18) 27... Bc4 28. Re3 ({Not} 28. hxg4 Bxe2 29. Bxf8 Kxf8 $16) 28... g5 29. Bxg5 $1 Qg7 $2 (29... hxg5 30. Qxg5+ Qg7 31. Qxg7+ Kxg7 32. hxg4 fxg4) 30. hxg4 (30. Bf4 $142 Nxe3 31. Rxe3) 30... hxg5 31. Qh3 f4 $2 (31... Qh8 32. Qxh8+ Kxh8 33. Bxf5 Rcd8 34. Rh3+ Kg7 35. Rh7+ Kg8) 32. Re5 {White wants to mate with Rxg5!} Rf6 33. Qh5 Bf7 {[#]} 34. Ba2 $1 {[%mdl 512]} Kf8 (34... Bxa2 35. Rxg5) 35. Bxf7 Rxf7 36. Rxg5 Qh7 37. Qxh7 (37. Rc5 $142 Rxc5 38. Qxc5+ Kg7 39. Re5 Qb1+ 40. Kh2 Qh7+ 41. Rh5) 37... Rxh7 {[%mdl 4096] Endgame KRR-KRR} 38. Rf5+ Kg8 39. Rxf4 a5 40. Rf5 Rg7 41. g5 Rc2 42. b3 Rb2 43. Re3 Rc7 44. Rxa5 Rc1+ 45. Kh2 Rxf2 46. Ra7 Rc8 47. g6 {[%cal Bg5g6,Bg6g7][%mdl 32]} Rf6 48. g7 Rg6 49. Rh3 {[%csl Gg7][%cal Rh3h8]} Rxg2+ 50. Kxg2 {[%csl Gg7][%cal Rh3h8]} Rc2+ 51. Kf1 $2 (51. Kf3 {mates} Rf2+ 52. Ke3 Re2+ 53. Kd3 Rd2+ 54. Kc4 Rd4+ 55. Kc5 Rd5+ 56. Kxb4) 51... Rf2+ $1 {Precision: White = 60%, Black = 21%.} 1/2-1/2

[Event "Reykjavik Chess Club-ch 2018"]
[Site "Reykjavik"]
[Date "2018.09.21"]
[Round "5"]
[White "Olafsson, Thorvardur"]
[Black "Jonsson, Gauti Pall"]
[Result "1-0"]
[WhiteElo "2192"]
[BlackElo "2100"]
[Annotator "TA"]
[PlyCount "61"]
[EventDate "2018.09.11"]
[EventCountry "ISL"]
[SourceTitle "playchess.com"]
[Source "ChessBase"]
[SourceQuality "1"]

{[%evp 24,61,56,39,45,39,44,33,27,27,17,24,27,14,72,77,106,120,117,120,215,215,500,498,503,312,505,482,572,583,682,439,2051,5890,5214,4467,2604,2327,29994,29995]} 1. e4 c5 2. Nf3 g6 3. d4 cxd4 4. Nxd4 Bg7 5. c4 Nc6 6. Be3 Nf6 7. Nc3 Ng4 8. Qxg4 Nxd4 9. Qd1 e5 10. Bd3 O-O 11. O-O d6 12. Qd2 Be6 13. Nd5 {LiveBook: 10 Games} Rc8 {B39: Sicilian: Maroczy Bind with 5...Bg7 and 7...Ng4} (13... Bxd5 14. cxd5 f5 15. f3 fxe4 16. Bxe4 Nf5 17. Bf2 Bh6 18. Qd3 Qa5 19. Rfd1 Rac8 20. a3 Qa4 21. b3 {½-½ (88) Kovchan,A (2572)-Guseynov,A (2341) Cesme 2018}) 14. Qb4 $146 ({Predecessor:} 14. Bg5 f6 15. Be3 Qd7 16. f3 Bxd5 17. cxd5 Rc5 18. Rac1 Rfc8 19. b3 a6 20. Kf2 Bf8 21. Qb2 Be7 22. Kg1 Rxc1 {½-½ (22) Almeida,R (2155)-Schroeder,C (2121) LSS email 2010}) 14... b6 15. Qa4 Nc6 {White is slightly better.} 16. b4 f5 17. f3 Rf7 18. a3 Bxd5 (18... f4 $11 19. Bf2 Bxd5 20. exd5 Ne7) 19. cxd5 $16 Nb8 20. Rac1 $36 {[%mdl 2048] White is really pushing.} Rxc1 21. Rxc1 f4 {[#]} (21... fxe4 $16 {was worth a try.} 22. fxe4 Bf6) 22. Bf2 $1 $18 Rc7 $2 (22... Bh6 {keeps fighting.} 23. Rc3 Nd7) 23. Rxc7 Qxc7 24. Qe8+ Bf8 25. Bh4 Kg7 26. h3 h6 27. Bd8 Qc1+ (27... Qf7 $142 28. Qxf7+ Kxf7) 28. Kh2 Qe1 29. Qe6 Qg3+ 30. Kg1 {[#] Bf6+ would kill now.} h5 31. Bf6+ {Precision: White = 78%, Black = 41%.} 1-0

[Event "Reykjavik Chess Club-ch 2018"]
[Site "Reykjavik"]
[Date "2018.09.21"]
[Round "5"]
[White "Mai, Aron Thor"]
[Black "Ingvason, Johann"]
[Result "1-0"]
[WhiteElo "2062"]
[BlackElo "2185"]
[Annotator "TA"]
[PlyCount "83"]
[EventDate "2018.09.11"]
[EventCountry "ISL"]
[SourceTitle "playchess.com"]
[Source "ChessBase"]
[SourceQuality "1"]

{[%evp 12,83,-10,-20,62,62,100,99,164,125,186,72,85,84,67,84,115,115,356,366,406,406,415,422,425,428,422,408,390,388,390,368,377,260,263,267,293,293,294,195,529,529,520,524,683,466,439,314,560,505,602,575,600,572,962,951,1762,1629,1813,1707,1786,1213,5474,2629,2525,2413,5518,1721,29969,29973,29974,29975,29973,29975]} 1. Nf3 b6 2. g3 Bb7 3. Bg2 e6 4. O-O c5 5. d3 d5 6. Nbd2 Nf6 7. Re1 {LiveBook: 9 Games. A08: King's Indian Attack} (7. e4 Be7 8. Qe2 O-O 9. e5 Nfd7 10. Re1 Nc6 11. h4 Qc7 12. Nf1 Rfc8 13. Bf4 d4 14. h5 h6 15. N1d2 Nb4 16. Nc4 Nd5 17. Bd2 Rab8 18. a4 a6 19. c3 dxc3 20. bxc3 {½-½ (65) Friedel,J (2562)-Dragun,K (2591) Saint Louis 2018}) 7... Qd6 $146 (7... Nc6 $11) ({Predecessor:} 7... Be7 8. e4 Nc6 9. c3 O-O 10. Qe2 Qc7 11. e5 Nd7 12. Nf1 b5 13. h4 b4 14. Bf4 bxc3 15. bxc3 Qa5 16. Rac1 Ba6 17. N1h2 Rab8 18. h5 Qa3 19. Rc2 Bb5 {1-0 (29) Ushenina,A (2423)-Ovod,E (2366) Tbilisi 2018}) 8. e4 $14 {Black must now prevent e5.} dxe4 9. dxe4 {[%cal Bd3e4,Be4e5][%mdl 32] aiming for e5.White is better.} Qc7 (9... Qd8 $16) 10. e5 Nd5 {[#]} (10... Nfd7 $16 {was called for.}) 11. c4 (11. Ng5 $1 $18 {is more deadly.}) 11... Nb4 12. Ne4 Bxe4 13. Rxe4 {Ng5 is the strong threat.} N8a6 {[#]} 14. a3 $1 {[%cal Ra3b4]} Rd8 $2 (14... Nc6 $16 {was necessary.}) 15. Qa4+ $18 Nc6 16. Qxa6 Rd1+ 17. Re1 Rxe1+ 18. Nxe1 Nxe5 19. Bf4 Bd6 20. Qa4+ Ke7 21. Rd1 Rd8 22. Bxe5 Bxe5 23. Rxd8 Qxd8 24. Qxa7+ Kf6 {...Qd2 would now be nice for Black.} 25. Qa8 Qd2 $2 (25... Qxa8 26. Bxa8 Bxb2) 26. Qf3+ Ke7 27. Nd3 Bxb2 28. Nxb2 Qxb2 29. Bf1 f5 $2 (29... g6 30. Qa8 h5) 30. a4 {Hoping for Qb7+.} Kf6 31. Qc6 h5 32. Qb5 Qd4 33. Qxb6 f4 34. Qc7 fxg3 35. hxg3 g5 36. Qh7 Qg4 37. Qh8+ Kf7 38. Qe5 h4 39. Qxc5 h3 40. Kh2 {White mates.} Qd1 41. Bxh3 Qxa4 42. Qxg5 {Precision: White = 54%, Black = 16%.} 1-0